| 000 | 00367nam a2200133Ia 4500 | ||
|---|---|---|---|
| 008 | 220217s9999||||xx |||||||||||||| ||und|| | ||
| 082 | _a420 DOF | ||
| 100 |
_aDoff, Adrean _9690 |
||
| 245 | 0 | _aTeach: english a trining cource for teacher | |
| 250 | _a8th | ||
| 260 |
_aCambridge press _bCambridge _c1995 |
||
| 300 | _b110 | ||
| 650 |
_aENGLISH GENERAL BOOKS _9691 |
||
| 999 |
_c165410 _d165410 |
||